National fiscal governance reforms across EU member states analysis of the information contained in the 2009-2010 stability and convergence programmes

Salvato in:
Dettagli Bibliografici
Ente Autore: European Commission
Natura: Libro
Lingua:inglese
Pubblicazione: Luxembourg Publications Office of the European Union 2010
Serie:European economy 67
Soggetti:
Tags: Aggiungi Tag
Nessun Tag, puoi essere il primo ad aggiungerne!!

MARC

LEADER 00000nam a2200000 4500
001 0121417
005 20240318114536.7
020 |a 978-92-79-16434-7 
022 |a 1725-3195 
041 0 |a eng 
044 |a LU 
245 1 0 |a National fiscal governance reforms across EU member states  |b analysis of the information contained in the 2009-2010 stability and convergence programmes 
264 1 |a Luxembourg  |b Publications Office of the European Union  |c 2010 
300 |a 55 s. 
490 1 |a European economy  |v 67 
830 0 |a European economy  |v 67 
610 2 0 |a politika fiškálna 
610 2 0 |a reformy 
610 2 0 |a financie verejné 
610 2 0 |a inštitúcie verejnoprávne 
610 2 0 |a rozpočty 
610 2 0 |a stabilita hospodárstva 
610 2 0 |a rozvoj hospodársky 
610 2 0 |a programy rozvojové 
610 2 0 |a porovnanie medzinárodné 
610 2 0 |a Európska únia 
110 2 |a European Commission